British Colonies - Statistics

General Stats
  • This quiz has been taken 59 times
  • The average score is 8 of 9
Answer Stats
Name of colony Modern Day Country It Falls Within % Correct
New South Wales Australia
96%
Hong Kong China
96%
Newfoundland Canada
94%
Cape Colony South Africa
94%
East Florida USA
92%
Southern Rhodesia Zimbabwe
90%
Gold Coast Ghana
87%
Aden Yemen
83%
Labuan Malaysia
38%
No matching quizzes found
Score Distribution
Percent of People with Each Score
Percentile by Number Answered
Your Score History
You have not taken this quiz